Statistiken für Deutsche Youtuber - Bilder Quiz

Klicken Sie hier um das Quiz zu spielen!

Allgemein

  • Dieses Quiz wurde 700 mal gespielt
    (697 seit der letzten Aktualisierung)
  • Das Durchschnittsergebnis liegt bei 5 aus 13

Antwortstatistiken

Antwort% Korrekt
Rezo
97%
Varion
73%
DieAussenseiter
61%
Christian Solmecke / WBS legal
58%
Coldmirror
56%
Mai Thi Nguyen / Mailab
50%
JuliensBlog
31%
Tilo Jung / Jung & Naiv
9%
Wolfgang M. Schmitt / Die Filmanalyse
8%
Daniel Beuthner / Götterfunken
7%
Holger Kraymeier / Massengeschmack
5%
Horst Lüning / Whisky.de
4%
Geschichtsfenster
2%

Verteilung der Resultate

Perzentil nach korrekt beantworteten Fragen

Anzahl Personen mit jedem Resultat

Ihre Resultats-Entwicklung

Sie haben dieses Quiz seit der letzten Aktualisierung nicht gespielt